[Event "GER-chT U20 Girls"]
[Site "Osnabrueck"]
[Date "2018.12.30"]
[Round "7.1"]
[White "Kohl, Natalie"]
[Black "Rudolph, Eva"]
[Result "1/2-1/2"]
[WhiteElo "1474"]
[BlackElo "1796"]
[PlyCount "101"]
[EventDate "2018.12.27"]
[EventType "team-swiss"]
[EventRounds "7"]
[EventCountry "GER"]
[SourceTitle "EXT 2020"]
[Source "ChessBase"]
[SourceDate "2019.10.17"]
[SourceVersion "1"]
[SourceVersionDate "2019.10.17"]
[SourceQuality "1"]
[WhiteTeam "Meuselwitz"]
[BlackTeam "Duesseldorf SK"]
[WhiteTeamCountry "GER"]
[BlackTeamCountry "GER"]

1. e4 c5 2. c3 e6 3. d4 d5 4. exd5 exd5 5. Be2 Nf6 6. Nf3 Bd6 7. 0-0 0-0 8. Bg5 Be6 9. Re1 h6 10. Be3 Ne4 11. Nbd2 Qc7 12. Qc2 Bf5 13. Bd3 Nxd2 14. Bxf5 Nxf3+ 15. gxf3 Bxh2+ 16. Kh1 c4 17. Qd2 Qd6 18. f4 Qf6 19. Bh3 Bxf4 20. Bxf4 Qh4 21. Kh2 Nc6 22. Rg1 Kh8 23. Rg4 Qf6 24. Rag1 Rg8 25. f3 b5 26. Qg2 h5 27. Be5 Nxe5 28. dxe5 Qxe5+ 29. f4 Qf6 30. Rg3 Qxf4 31. Qxd5 g6 32. Rf1 Qh4 33. Rxf7 Rae8 34. Qd2 g5 35. Qf2 Re6 36. Qf5 Re2+ 37. Rg2 Qf4+ 38. Qxf4 Rxg2+ 39. Bxg2 gxf4 40. Rxf4 Rd8 41. Rh4 a6 42. Rxh5+ Kg7 43. Rd5 Re8 44. Bf3 Re1 45. Rd7+ Kf8 46. Kg3 Ke8 47. Ra7 Rb1 48. Bc6+ Kd8 49. Rxa6 Rxb2 50. Be4 b4 51. cxb4 1/2-1/2

[Event "GER-chT U14 Girls"]
[Site "Duesseldorf"]
[Date "2016.12.29"]
[Round "5.1"]
[White "Kohl, Natalie"]
[Black "Schneider, Xenia"]
[Result "0-1"]
[WhiteElo "1304"]
[BlackElo "1411"]
[PlyCount "62"]
[EventDate "2016.12.27"]
[EventType "team-swiss"]
[EventRounds "7"]
[EventCountry "GER"]
[SourceTitle "EXT 2018"]
[Source "ChessBase"]
[SourceDate "2017.10.13"]
[SourceVersion "1"]
[SourceVersionDate "2017.10.13"]
[SourceQuality "1"]
[WhiteTeam "Meuselwitz"]
[BlackTeam "Endingen"]
[WhiteTeamCountry "GER"]
[BlackTeamCountry "GER"]

1. e4 c6 2. d4 d5 3. Nd2 dxe4 4. Nxe4 Nf6 5. Nxf6+ exf6 6. Bc4 Be7 7. Nf3 Bg4 8. Be3 Qa5+ 9. c3 Qh5 10. Be2 0-0 11. h3 Bxf3 12. Bxf3 Qb5 13. Qc2 Nd7 14. Be2 Qd5 15. 0-0 c5 16. Bd3 Qh5 17. Rfe1 cxd4 18. Bxd4 Bc5 19. Rac1 Rac8 20. Bf5 Bxd4 21. Bxd7 Rc7 22. Qe4 Bxf2+ 23. Kxf2 Rxd7 24. Qe3 b6 25. b3 h6 26. Qf4 Rfd8 27. Re2 Rd5 28. Kg1 Qxe2 29. Rf1 Rd1 30. Rxd1 Rxd1+ 31. Kh2 Qe5 0-1

[Event "GER-chT U14 Girls"]
[Site "Duesseldorf"]
[Date "2016.12.27"]
[Round "2.1"]
[White "Kohl, Natalie"]
[Black "Gauchel, Verena"]
[Result "0-1"]
[WhiteElo "1304"]
[BlackElo "1415"]
[PlyCount "62"]
[EventDate "2016.12.27"]
[EventType "team-swiss"]
[EventRounds "7"]
[EventCountry "GER"]
[SourceTitle "EXT 2018"]
[Source "ChessBase"]
[SourceDate "2017.10.13"]
[SourceVersion "1"]
[SourceVersionDate "2017.10.13"]
[SourceQuality "1"]
[WhiteTeam "Meuselwitz"]
[BlackTeam "Ammersee"]
[WhiteTeamCountry "GER"]
[BlackTeamCountry "GER"]

1. e4 c5 2. c3 Nc6 3. d4 cxd4 4. cxd4 d6 5. Nf3 Bg4 6. Be3 Nf6 7. Nc3 g6 8. Bb5 Bd7 9. 0-0 a6 10. Bc4 b5 11. Bb3 Bg7 12. Qd2 b4 13. Nd5 Nxe4 14. Qd3 Nf6 15. Qc4 Nxd5 16. Qxd5 0-0 17. Ng5 Be8 18. Qe4 h6 19. Qxg6 hxg5 20. Bxg5 d5 21. Qd3 Nxd4 22. Rfe1 Bb5 23. Qg3 Qd6 24. Qh4 Nf5 25. Bxe7 Nxh4 26. Bxd6 Rfe8 27. Bxd5 Rxe1+ 28. Rxe1 Rd8 29. Rd1 Bf8 30. Be5 Be7 31. Rd4 Ng6 0-1

[Event "GER-chT U20"]
[Site "Naumburg Saale"]
[Date "2014.12.28"]
[Round "3.6"]
[White "Kohl, Natalie"]
[Black "Le Hong, Quang Anh"]
[Result "0-1"]
[WhiteElo "1145"]
[BlackElo "1536"]
[PlyCount "52"]
[EventDate "2014.12.27"]
[EventType "team-swiss"]
[EventRounds "7"]
[EventCountry "GER"]
[SourceTitle "EXT 2016"]
[Source "ChessBase"]
[SourceDate "2015.10.08"]
[SourceVersion "1"]
[SourceVersionDate "2015.10.08"]
[SourceQuality "1"]
[WhiteTeam "Meuselwitz"]
[BlackTeam "Merseburg"]
[WhiteTeamCountry "GER"]
[BlackTeamCountry "GER"]

1. e4 c5 2. Nf3 d6 3. d4 cxd4 4. Nxd4 Nf6 5. Nc3 a6 6. Be3 b5 7. a3 Bb7 8. Bd3 Nbd7 9. Nf3 Rc8 10. Qe2 Qc7 11. 0-0 g6 12. Rfd1 Bg7 13. Bd4 0-0 14. e5 Bxf3 15. gxf3 dxe5 16. Be3 e6 17. Qd2 Rfd8 18. f4 Nh5 19. fxe5 Nxe5 20. Qe2 Nxd3 21. Rxd3 Rxd3 22. Qxd3 Bxc3 23. bxc3 Qxc3 24. Bd4 Qxc2 25. Rd1 Qxd3 26. Rxd3 Rc1+ 0-1

[Event "Naumburg Osteropen 9th"]
[Site "Naumburg Saale"]
[Date "2014.04.20"]
[Round "3.20"]
[White "Ehrich, Dieter"]
[Black "Kohl, Natalie"]
[Result "1-0"]
[WhiteElo "1679"]
[BlackElo "1094"]
[PlyCount "73"]
[EventDate "2014.04.19"]
[EventType "swiss"]
[EventRounds "5"]
[EventCountry "GER"]
[SourceTitle "EXT 2020"]
[Source "ChessBase"]
[SourceDate "2019.10.17"]
[SourceVersion "1"]
[SourceVersionDate "2019.10.17"]
[SourceQuality "1"]

1. c4 e5 2. g3 Nc6 3. Bg2 g6 4. Nc3 Nge7 5. Nf3 Bg7 6. 0-0 0-0 7. d3 d6 8. a3 Be6 9. Ng5 Rb8 10. Rb1 a6 11. b4 b5 12. Nxe6 fxe6 13. Bg5 Na7 14. Qb3 bxc4 15. Qxc4 Qd7 16. Qxa6 Nb5 17. Bxe7 Nxc3 18. Bxf8 Nxb1 19. Bxg7 Nd2 20. Rd1 Qxg7 21. Rxd2 Qh6 22. Rc2 Qg7 23. Qa7 Rc8 24. Qb7 Rf8 25. Rxc7 Qf6 26. Qf3 Qd8 27. Qb7 Qf6 28. f3 g5 29. Rc8 h6 30. Rxf8+ Qxf8 31. f4 exf4 32. Qa8 d5 33. Qxf8+ Kxf8 34. gxf4 gxf4 35. d4 Ke7 36. Kf2 h5 37. h4 1-0

[Event "GER-chT U10"]
[Site "Magdeburg"]
[Date "2012.12.29"]
[Round "7.2"]
[White "Kohl, Natalie"]
[Black "Schmidt, Johannes4444"]
[Result "1-0"]
[WhiteElo "1017"]
[BlackElo "681"]
[PlyCount "46"]
[EventDate "2012.12.27"]
[EventType "team-swiss"]
[EventRounds "7"]
[EventCountry "GER"]
[SourceTitle "EXT 2014"]
[Source "ChessBase"]
[SourceDate "2013.11.20"]
[SourceVersion "1"]
[SourceVersionDate "2013.11.20"]
[SourceQuality "1"]
[WhiteTeam "Meuselwitz"]
[BlackTeam "Neumarkt"]
[WhiteTeamCountry "GER"]
[BlackTeamCountry "GER"]

1. e4 e5 2. Nf3 Nc6 3. d4 exd4 4. Nxd4 Nxd4 5. Qxd4 Nf6 6. Nc3 Bd6 7. e5 Be7 8. exf6 Bxf6 9. Qe4+ Qe7 10. Qe2 Qxe2+ 11. Bxe2 0-0 12. 0-0 d6 13. Nd5 Bd8 14. Bf4 c6 15. Nc3 Bf6 16. Bxd6 Rd8 17. Bf4 Rd4 18. Be3 Rd8 19. h3 Be6 20. Bg4 Bxg4 21. hxg4 Bd4 22. Bxd4 Rxd4 23. f3 Re8 1-0

[Event "GER-chT U10"]
[Site "Magdeburg"]
[Date "2012.12.28"]
[Round "4.2"]
[White "Tuente, Lukas"]
[Black "Kohl, Natalie"]
[Result "1-0"]
[WhiteElo "743"]
[BlackElo "1017"]
[PlyCount "125"]
[EventDate "2012.12.27"]
[EventType "team-swiss"]
[EventRounds "7"]
[EventCountry "GER"]
[SourceTitle "EXT 2014"]
[Source "ChessBase"]
[SourceDate "2013.11.20"]
[SourceVersion "1"]
[SourceVersionDate "2013.11.20"]
[SourceQuality "1"]
[WhiteTeam "Raesfeld Erle"]
[BlackTeam "Meuselwitz"]
[WhiteTeamCountry "GER"]
[BlackTeamCountry "GER"]

1. e4 e5 2. Nf3 Nc6 3. Bc4 Nf6 4. d3 h6 5. Nc3 Bc5 6. Be3 Nd4 7. Bxd4 Bxd4 8. Nxd4 exd4 9. Nb5 0-0 10. Nxd4 Re8 11. 0-0 d6 12. h3 Be6 13. Bb5 c6 14. Ba4 b5 15. Nxc6 Qd7 16. Bxb5 Bxh3 17. Nd4 Qg4 18. Qxg4 Bxg4 19. Bxe8 Rxe8 20. f3 Bd7 21. Rfe1 g5 22. Nf5 d5 23. Nxh6+ Kg7 24. Nf5+ Kg8 25. Nd6 Re6 26. Nf5 Rb6 27. Ne7+ Kf8 28. exd5 Rxb2 29. c4 Rb7 30. d6 Be6 31. Rab1 Rd7 32. Rb8+ Kg7 33. c5 g4 34. fxg4 Bxg4 35. Nc6 Be6 36. a3 Bd5 37. Rc8 Be6 38. Nd4 Bd5 39. c6 Bxc6 40. Nxc6 Rxd6 41. d4 Rd7 42. Re7 Rxe7 43. Nxe7 Nh5 44. d5 Kf6 45. Nc6 a6 46. d6 Nf4 47. d7 Ne6 48. Re8 Kg7 49. Rxe6 fxe6 50. d8Q Kh7 51. Ne5 Kh6 52. Qe8 Kg5 53. Qg6+ Kf4 54. Qf6+ Ke4 55. Kf2 Kd5 56. Ke3 Kd6 57. Ke4 Kc5 58. Nd7+ Kc4 59. Qd4+ Kb3 60. Kd3 Ka2 61. Kc2 Kxa3 62. Qc4 a5 63. Qb3# 1-0